000 00578nam a2200229Ia 4500
003 OSt
005 20220918204307.0
006 a|||||r|||| 00| 0
007 ta
008 220917b |||||||| |||| 00| 0 eng d
024 _a111,903
037 _cTextual
040 _aARTS
_cARTS
_beng
041 _2eng
_aeng
082 _aV53:17:N3, 122H5
100 _aDehon E
_9111398
245 0 _aLa nouvelle politique coloniale de la France
260 _c1945
650 _aHISTORY
942 _hV53:17:N3, 122H5
_cTEXL
_2CC
999 _c235252
_d235252